FUNDAMENTAL OF TRIBIOLOGY (Record no. 5433)

MARC details
000 -LEADER
fixed length control field 00381nam a22001457a 4500
005 - DATE AND TIME OF LATEST TRANSACTION
control field 20170406111052.0
008 - FIXED-LENGTH DATA ELEMENTS--GENERAL INFORMATION
fixed length control field 170406b xxu||||| |||| 00| 0 eng d
020 ## - INTERNATIONAL STANDARD BOOK NUMBER
ISBN 978-81-203-2723-8
041 ## - LANGUAGE CODE
Language code of text/sound track or separate title eng
100 ## - MAIN ENTRY--AUTHOR NAME
Personal name BASU, S.K, SENGUPTA, S.N. AND AHUJA, B.B
245 ## - TITLE STATEMENT
Title FUNDAMENTAL OF TRIBIOLOGY
260 ## - PUBLICATION, DISTRIBUTION, ETC. (IMPRINT)
Place of publication DELHI
Name of publisher PHI LEARNING PVT
Year of publication 2005
300 ## - PHYSICAL DESCRIPTION
Number of Pages 259
942 ## - ADDED ENTRY ELEMENTS (KOHA)
Koha item type Books
Holdings
Lost status Damaged status Home library Current library Shelving location Date acquired Source of acquisition Cost, normal purchase price Accession Number Koha item type
    JRU Library   SHELF-44-J 06/04/2017 PURCHESS 275.00 21735 Books
    JRU Library   SHELF-44-J 06/04/2017 PURCHESS 275.00 21736 Books
    JRU Library   SHELF-6-B 06/04/2017 PURCHESS 275.00 21737 Books